A Practical Book of Pharmaceutical Chemistry/ (Record no. 211784)

MARC details
000 -LEADER
fixed length control field 00606nam a22001937a 4500
005 - DATE AND TIME OF LATEST TRANSACTION
control field 20250613111519.0
010 ## - LCCN (DPL NO)
LC control number ENG-145336
020 ## - INTERNATIONAL STANDARD BOOK NUMBER
International Standard Book Number 9789357374583
Terms of availability 350.00
035 ## - SYSTEM CONTROL NUMBER
System control number EN-128868
037 ## - SOURCE OF ACQUISITION
Source of stock number/acquisition DBAD/PUB
082 ## - DEWEY DECIMAL CLASSIFICATION NUMBER
Classification number 615.19
100 ## - MAIN ENTRY--PERSONAL NAME
Personal name Lal, Sukhbir
245 ## - TITLE STATEMENT
Title A Practical Book of Pharmaceutical Chemistry/
Statement of responsibility, etc Sukhbir Lal [and] Arpana Rana
260 ## - PUBLICATION, DISTRIBUTION, ETC. (IMPRINT)
Place of publication, distribution, etc Haryana
Name of publisher, distributor, etc Authors At
Date of publication, distribution, etc 2012
270 ## - ADDRESS
Address Ward no. 5/1687, Jawahar Colony,Faridabad
City Haryana
Postal code 121001
300 ## - PHYSICAL DESCRIPTION
Extent 163p.:
Other physical details 25cm(pb)
700 ## - ADDED ENTRY--PERSONAL NAME
Personal name Rana, Arpana
Relator term Author
9 (RLIN) 81976
942 ## - ADDED ENTRY ELEMENTS (KOHA)
Source of classification or shelving scheme Dewey Decimal Classification
Item type English Books
Classification part 615.19
Call number suffix LAL
Holdings
Withdrawn status Lost status Not for loan Collection code Home library Current library Date acquired Source of acquisition Cost, normal purchase price Full call number Barcode Copy number Cost, replacement price Koha item type
      Non-fiction RC3 Shakur Pur RC3 Shakur Pur 13/06/2025 Delivery of Books Act Division 350.00 615.19 LAL EN-128868 1 350.00 English Books

© Delhi Public Library
Hit Counter
free hit counter